000 00413nam a22001697a 4500
003 NUST - PNEC
005 20170116180908.0
008 150902b xxu||||| |||| 00| 0 eng d
020 _a0434901865
040 _cLIBRARY
082 _a620.11 BOL
100 _96869
_aBolton, W.
245 _aEngineering materials technology
_cW. Bolton
260 _cc.1989
650 _96872
_aMaterials
_xME
942 _2ddc
_cBK
999 _c65187
_d65187